سمير سيف : (Record no. 29737)

MARC details
000 -الفاتح
حقل البيانات ثابتة الطول 00913nam a22002417a 4500
003 - محدد رقم الضبط
رقم الضبط EG-ScBUE
005 - وقت وتاريخ اخر تعامل مع التسجيلة
رقم الضبط 20220117103338.0
008 - عناصر البيانات ثابتة الطول - معلومات عامة
حقل البيانات ثابتة الطول 220117s2020 ua o f 000 0bara d
040 ## - مصدر الفهرسة
وكالة الفهرسة الأصلية EG-ScBUE
لغة الفهرسة ara
قواعد الوصف rda
وكالة النسخ EG-ScBUE
وكالة التعديل EG-ScBUE
082 04 - رقم تصنيف ديوى العشرى
رقم التصنيف 791.430233092
رقم المادة ر م ز
رقم الطبعة 22
100 1# - المدخل الرئيسى - إسم شخصى
الإسم الشخصى رمزي، كمال،
الدور مؤلف.
245 10 - بيان العنوان
العنوان سمير سيف :
بقية العنوان سحر الاحتراف /
بيان المسئوليه,etc كمال رمزي.
264 #1 - النشر، التوزيع
مكان الناشر او الموزع [القاهرة] :
اسم الناشر او الموزع وزارة الثقافة، صندوق التنمية الثقافية،
تاريخ النشر أو التوزيع 2020.
300 ## - الوصف المادى
التعداد 112 صفحة :
تفاصيل ماديه اخرى للوعاء صور ؛
أبعاد الوعاء 24 سم
336 ## - نوع المحتوى
source rdacontent
Carrier Type Term نص
Content Type Code txt
337 ## - نوع الوسيط
source rdamedia
Media Type Term بدون وسيط
Media Type Code n
338 ## - نوع الحامل أو الناقل
source rdacarrier
Carrier Type Term مجلد
Carrier Type Code nc
600 17 - المدخل الاضافى بالموضوع-اسم شخصى
الإسم الشخصى سيف، سمير،
التواريخ المصاحبة للاسم 1947-
مصدر الرأس أو المصطلح BUEsh
9 (RLIN) 38779
650 #7 - المدخل الاضافى بالموضوع-مصطلح موضوعى
مصطلح موضوعي أو اسم جغرافي كعنصر مدخل ‪المخرجون السينمائيون
التقسيم الفرعي الجغرافي مصر
التقسيم الفرعي الشكلي تراجم.
مصدر الرأس أو المصطلح BUEsh
653 ## - مصطلح تكشيفى غير مقيد
Resource For college Arts and Design
Arrived date list January2021
655 ## - مصطلح تكشيفى-نوع/شكل
التقسيم الفرعي الشكلي Reading book
-- 34232
942 ## - عناصر المدخل الإضافي( كوها)
مصدر التصنيف او مخطط الترفيف Dewey Decimal Classification
Holdings
حالة التراجع حالة الفقد مصدر التصنيف او خطة الترفيف حالة تلف ليس للاعارة مجموعات كوها المكان الدائم المكان الحالي موقع الترفيف تاريخ الاكتساب Source of acquisition رقم الاستدعاء الباركود Date last seen نوع الوعاء
    Dewey Decimal Classification     Donation-Gift Central Library Central Library Second Floor 17/01/2022 Donation 791.430233092 ر م ز 000056073 15/07/2025 NB - Book (Non borrowing)
    Dewey Decimal Classification     Donation-Gift Central Library Central Library Second Floor 17/01/2022 Donation 791.430233092 ر م ز 000056076 15/07/2025 NB - Book (Non borrowing)
    Dewey Decimal Classification     Donation-Gift Central Library Central Library Second Floor 17/01/2022 Donation 791.430233092 ر م ز 000056075 15/07/2025 Book - Borrowing
    Dewey Decimal Classification     Donation-Gift Central Library Central Library Second Floor 17/01/2022 Donation 791.430233092 ر م ز 000056078 15/07/2025 Book - Borrowing
    Dewey Decimal Classification     Donation-Gift Central Library Central Library Second Floor 17/01/2022 Donation 791.430233092 ر م ز 000056077 04/12/2023 Book - Borrowing